00329nam a2200121Ia 4500008004100000041000800041082001600049100001800065245004500083260003900128300003100167365000900198240624s9999 xx 000 0 und d aeng a330.951 HAF aHAFT JEREMY R aUNMADE IN CHINA THE HIDDEN TRUTH ABOUT C c2015aUnited KingdombPolity Press axxi, : 263 : p. : cm. ; 22 cb30